000 01123nam0a22003011 4500
001 RU\NLR\A2\4163
005 20251203171251.9
035 _a(NLR Aleph) 009857683
090 _a10371395
_c10371395
100 _a19960722d1792 u y0rusy50 ca
101 0 _ager
102 _aRU
200 1 _aPhilosophische Aufsätze
_fVon G.B. Besack
210 _aSt. Petersburg [St.- Peterburg]
_cGedruckt beim Kaiserlichen adelichen Landkadettenkorps
_d1792
215 _a[2], 24, 112 с.
_d
321 1 _aСК XVIII(ин.) 375
327 1 _aСодерж.: Was ist Lehrmethode? Ueber Synthesis und Analysis. Каждое произв. имеет шмуцтит. и самостоят. паг.
620 _dSt.- Peterburg
700 1 _6a01700
_aBesack
_bG.Ch.
_f1727-1800
_gGottlieb Christian
_4070
700 1 _6a01700
_aБезак
_bХ.Х.
_f1727-1800
_gХристиан Христианович
_4070
_7ca
712 0 2 _aKadettenkorps
_c1; Petersburg
_bDruckerei
_4610
801 0 _aRU
_bNLR
_c19960722
852 _aNLR
_bRossica
_j12.41.6.109
852 _aNLR
_j36.38.4.10
942 _cBOOK
980 _aNB
980 _ain18